000 00570nam a22002057a 4500
003 OSt
005 20140310182821.0
008 130304t xxu||||| |||| 00| 0 eng d
020 _a9781107607354 (pbk.)
050 _aBC 141
_b.H236 2012
082 _aM 123.3
_bH36 2012
245 _aA philosophical guide to chance
_cHandfield, Toby
260 _aCambridge
_bCambridge University Press
_cc2012
300 _a256 pages
_billustrations
_c25 cm.
521 _acollege students
526 _c1210L-1700L
541 _j1
562 _e1
942 _2lcc
_cBK
_kM
999 _c16394
_d16394